LEADER 01466nam a2200313 4500 001 000000349494 003 CaOOAMICUS 005 20230331092850.0 008 220224s2006 xxk 000 u eng r 020 $a978-0-19-925425-5$qHbk 020 $a978-0-19-923777-7$qpbk (Ed. 2010) 040 $aSeMil$bita 245 04$aThe Oxford handbook of biblical studies /$cedited by J.W. Rogerson and Judith M. Lieu. 250 $a1. ed. pubblicata nel 2006 264 1$aOxford :$bOxford University Press,$c2010. 300 $aXVIII, 896 p. ;$c26 cm 490 1 $aOxford handbooks 650 4$aBibbia - Manuali.$0(OLS)http://semarc/subject/332 650 4$aBibbia - Commentari, studi, critica, interpretazioni.$0(OLS)http://semarc/subject/783 700 1 $aLieu, Judith Margaret,$d<1951- >.$0(OLS)http://semarc/name/41631 700 1 $aRogerson, John William,$d<1935-2018>.$0(OLS)http://semarc/name/21114 830 0$aOxford handbooks.$0(OLS)http://semarc/title/437766 850 $aSeMil 852 $aSeMil$W1$xVenegono$y1$mSL1.P IV 35$j231883$B240540$CSeMilBibl$Z2$F240540 $8I 996 $6020$a978-0-19-925425-5$qHbk$9(OLS)http://semarc/number/295315 996 $6020$a978-0-19-923777-7$qpbk (Ed. 2010)$9(OLS)http://semarc/number/295316 996 $6245$aThe Oxford handbook of biblical studies$9(OLS)http://semarc/title/439064 996 $6264$aOxford :$bOxford University Press$9(OLS)http://semarc/publisher/35475 LEADER 00965nam a2200253 4500 001 000000361749 003 CaOOAMICUS 005 20250221081820.0 008 250219s1993 it 000 u ita r 020 $a88-13-18046-2 040 $aSeMil$bita 100 1 $aOpocher, Enrico,$d<1914-2004>.$0(OLS)http://semarc/name/34715 245 10$aLezioni di filosofia del diritto /$cEnrico Opocher. 250 $a2. ed. 264 1$aPadova :$bCEDAM,$c1993. 300 $aVI, 318 p. ;$c24 cm 650 4$aFilosofia del diritto.$0(OLS)http://semarc/subject/2001 850 $aSeMil 852 $aSeMil$W1$xVenegono$y1$m2G VI 15$j254628$B252694$CSeMilBibl$Z2$F252694 $81 961 $aBuzzi mons. Franco - Omaggio 996 $6020$a88-13-18046-2$9(OLS)http://semarc/number/302499 996 $6245$aLezioni di filosofia del diritto$9(OLS)http://semarc/title/92707 996 $6264$aPadova :$bCEDAM$9(OLS)http://semarc/publisher/30274